000 00293nam a22001337a 4500
999 _c15424
_d15424
020 _a9788131704554
082 _a005.133
_bMON/JA
100 _aMoncur, Michael
_93114
245 _aJavascript in 24 hours
250 _a4
260 _aNew Delhi
_bPearson
_c2007
300 _a442p
942 _cBK